[Event "GER-ch U12"]
[Site "Willingen"]
[Date "2022.06.07"]
[Round "4"]
[White "Steven, Matthias"]
[Black "Boehler, Yannic"]
[Result "1/2-1/2"]
[WhiteElo "1376"]
[BlackElo "1361"]
[PlyCount "81"]
[EventDate "2022.06.04"]
[EventType "swiss"]
[EventRounds "9"]
[EventCountry "GER"]
[SourceTitle "CBM 208 Extra"]
[Source "ChessBase"]
[SourceDate "2022.07.31"]
[SourceVersion "1"]
[SourceVersionDate "2022.07.31"]
[SourceQuality "1"]

1. e4 c5 2. Nf3 e6 3. d4 cxd4 4. Nxd4 a6 5. Nc3 Qc7 6. f3 Nf6 7. Be3 b5 8. Qd2 Bb7 9. Bd3 d6 10. Nce2 Nbd7 11. Ng3 Be7 12. Rc1 Nc5 13. c4 Nxd3+ 14. Qxd3 Qa5+ 15. Qc3 Qxa2 16. cxb5 Rc8 17. Qd2 0-0 18. Nc6 Bxc6 19. bxc6 Rc7 20. Bb6 Rcc8 21. 0-0 d5 22. exd5 Nxd5 23. Ba5 Bd8 24. Rc5 Bxa5 25. Rxa5 Qc4 26. Rc1 Qb4 27. Qxb4 Nxb4 28. Ne4 Nxc6 29. Rxa6 Nb4 30. Raa1 Nd3 31. Rxc8 Rxc8 32. Rb1 Rb8 33. b3 Kf8 34. Kf1 Ke7 35. g3 f5 36. Nd2 Kd6 37. Ke2 Nb4 38. Ke3 Rc8 39. Nc4+ Kc5 40. Kf4 Nd3+ 41. Ke3 1/2-1/2